| 000 | 00489nam a2200193Ia 4500 | ||
|---|---|---|---|
| 005 | 20260429111921.0 | ||
| 008 | 260429s9999||||xx |||||||||||||| ||und|| | ||
| 020 | _a9789360848484 | ||
| 041 | _aEnglish | ||
| 082 |
_a613.704 _bSHA |
||
| 100 | _aShastri, Krishna | ||
| 245 | 0 |
_aYoga education / _cKrishna Shastri |
|
| 250 | _a1st ed. | ||
| 260 |
_aNew Delhi : _bWordpen Academics, _c2026. |
||
| 300 | _ax, 259 p.; hb | ||
| 650 | _a Yoga | ||
| 650 | _aPhysical fitness | ||
| 942 | _cTB | ||
| 999 |
_c51418 _d51418 |
||